书目信息 |
| 题名: |
射影几何学思想方法
|
|
| 作者: | 董奎哲 著 | |
| 分册: | ||
| 出版信息: | 成都 电子科技大学出版社 1993 |
|
| 页数: | 220页 | |
| 开本: | 20cm | |
| 丛书名: | 数学新坐标从书 | |
| 单 册: | ||
| 中图分类: | O185.1 | |
| 科图分类: | ||
| 主题词: | 射影几何学 , 几何 , 拓扑 | |
| 电子资源: | ||
| ISBN: | 7-81016-642-5 | |
| 000 | 00813oam2 2200277 45 | |
| 001 | 012006042501 | |
| 005 | 20061213154911.09 | |
| 010 | @a7-81016-642-5@dCNY18.00 | |
| 092 | @aCN@b492307 | |
| 100 | @a20060425e20051993em y0chiy0120 ea | |
| 101 | 0 | @achi |
| 102 | @aCN@b510000 | |
| 105 | @ay z 000yy | |
| 200 | 1 | @a射影几何学思想方法@9she ying ji he xue si xiang fang fa@f董奎哲著 |
| 210 | @a成都@c电子科技大学出版社@d1993@h2005重印 | |
| 215 | @a220页@d20cm | |
| 225 | 2 | @a数学新坐标从书 |
| 330 | @a本书重要内容:射影几何的孕育;射影几何的思想;射影几何的方法等四部分内容。 | |
| 461 | 0 | @12001 @a数学新坐标从书 |
| 606 | 0 | @a射影几何学 |
| 606 | 0 | @a几何 |
| 606 | 0 | @a拓扑 |
| 690 | @aO185.1@v3 | |
| 701 | 0 | @a董奎哲@9dong kui zhe@4著 |
| 801 | 0 | @aCN@bLZJBOOK@c20061213 |
| 905 | @a10447@dO185.1@e37 | |
| 射影几何学思想方法/董奎哲著.-成都:电子科技大学出版社,1993(2005重印) |
| 220页;20cm.-(数学新坐标从书) |
| ISBN 7-81016-642-5:CNY18.00 |
| 本书重要内容:射影几何的孕育;射影几何的思想;射影几何的方法等四部分内容。 |
| ● |
| 相关链接 |
|
|
|
|
正题名:射影几何学思想方法
索取号:O185.1/37
 
预约/预借
| 序号 | 登录号 | 条形码 | 馆藏地/架位号 | 状态 | 备注 |
| 1 | 0550086 | 205500867 | 第二样本阅览室/ [索取号:O185.1/37] | 在馆 | |
| 2 | 0550087 | 205500876 | 第三借阅区/ [索取号:O185.1/37] | 在馆 | |
| 3 | 0550088 | 205500885 | 第三借阅区/ [索取号:O185.1/37] | 在馆 | |
| 4 | 0550089 | 205500894 | 第三借阅区/ [索取号:O185.1/37] | 在馆 | |
| 5 | 0550090 | 205500901 | 第三借阅区/ [索取号:O185.1/37] | 在馆 | |
| 6 | 0550091 | 205500910 | 第三借阅区/ [索取号:O185.1/37] | 在馆 | |
| 7 | 0550092 | 205500929 | 第三借阅区/ [索取号:O185.1/37] | 在馆 | |
| 8 | 0550093 | 205500938 | 第三借阅区/ [索取号:O185.1/37] | 在馆 |